000 01427nam a22003737a 4500
003 CHAP
005 20220329141012.0
008 971013s1996 r 00010 d
010 _a61127
011 _a62099
035 _a66273
040 _cCHAP
090 _aTesis
100 0 0 _aCruz Guzmán, Carlos Eduardo.
_929417
245 _aAnálisis de las ventajas comparativas de la producción de maíz, bajo tres tipos de tecnología en el Distrito de Desarrollo Rural 089 de Sahuayo, Michoacán
260 _aChapingo, Méx. :
_bEl autor,
_c1996
300 _a66 h.
_b; anexos
502 _aTesis (Ing. Agr. Esp. en Economía Agrícola) -- UACH. Departamento de Economía Agrícola
590 _aALEPH
_b10
_c20130110
_lUCH01
_h1340
590 _aBATCH-UPD
_b10
_c20130110
_lUCH01
_h0631
590 _aBATCH-UPD
_b10
_c20130110
_lUCH01
_h2338
590 _aBATCH-UPD
_b10
_c20130410
_lUCH01
_h0314
590 _aBATCH-UPD
_b10
_c20130410
_lUCH01
_h1627
590 _aBATCH-UPD
_b10
_c20130914
_lUCH01
_h1207
590 _aCONVERSION
_b10
_c20130109
_lUCH01
_h1333
650 1 4 _aAgricultura
_xInnovaciones tecnológicas.
_91565
650 1 4 _aDistrito de Desarrollo Rural Sahuayo, Mich.
_932811
650 1 4 _aMaíz
_xMichoacán.
_971019
650 1 4 _aMaíz
_xRendimiento.
_971051
901 _aBK
942 _cFOLL
949 _bBC
_cTES
_d-151445
_eTS1
_h29288
_i66273
_si
949 _bBC
_cTES
_d33724000620514
_eTS2
_fc.2
_h29289
_i66273
_si
999 _c61127
_d61127